[Event "Klubbmesterskapet 2023 (A)"]
[Site "Ås, Viken NOR"]
[Date "2023.05.04"]
[Round "6"]
[White "Kielland-Lund, Jon"]
[Black "Hrituleac, Paul"]
[Result "1-0"]
[WhiteElo "1723"]
[BlackElo "1299"]
[Annotator "Tactical Analysis 5.3 (5s)"]
[PlyCount "101"]
[EventDate "2023.02.02"]

1. c4 (1. e4) 1... e6 2. d4 Nf6 3. g3 d5 4. Bg2 Bb4+ 5. Bd2 c5 6. Nf3 Nc6 7.
O-O O-O 8. Bxb4 {White has an edge.} cxb4 9. Nbd2 b6 10. Rc1 {next cxd5 is
good for White.} Bb7 11. c5 {[%eval -27,23]} (11. Re1 $142 {[%eval 16,21]
Eneste feil å snakke om.}) 11... bxc5 $11 12. Rxc5 Qb6 {[%cal Oc6d4]} 13. Nb3
a5 14. Rc1 Rfc8 15. Nc5 Rc7 16. Nxb7 Qxb7 17. Qa4 Rac8 $1 {[%cal Oc6d4] And
now ...Nxd4! would win.} 18. Rc2 Qb6 {[%eval 10,24]} (18... b3 $15 {[%eval -41,
25]} 19. axb3 Nxd4 $1 20. Nxd4 Rxc2 21. Nxc2 Rxc2) 19. Rfc1 h6 20. e3 Nd7 21.
Bf1 {aiming for Qb5.} Na7 {Inhibits Qb5.} 22. Bd3 Rxc2 23. Rxc2 Rxc2 24. Qxc2
Qc6 25. Qxc6 Nxc6 {[%mdl 4096] Endgame KBN-KNN} 26. Bb5 Ncb8 {[%eval 124,29] 
[#]} (26... Ndb8 $1 $14 {[%eval 36,28]}) 27. Nd2 $1 $16 Nb6 {[#]} 28. Nb3 $1 a4
29. Nc5 a3 30. b3 {[%eval 22,30]} ({Better is} 30. bxa3 $16 {[%eval 156,29]}
bxa3 31. Kf1 {OK, men jeg regnet med at innskreningen av springerfelt var
viktig og at b4 ville bli svak.}) 30... Nc8 $11 31. f3 Nd6 32. Ba4 Kf8 {[%eval
95,31]} (32... Nf5 $1 $14 {[%eval 37,30]}) 33. Kf2 {White leaves nothing to
chance now.} Ke7 34. e4 f6 35. Ke3 h5 36. h3 dxe4 {[%eval 112,28]} (36... g6
$142 {[%eval 73,27]}) 37. fxe4 $16 g5 38. g4 hxg4 39. hxg4 Ne8 $2 {[%eval 545,
32]} (39... e5 {[%eval 191,28]} 40. dxe5 fxe5) 40. Bxe8 $18 Kxe8 41. Nxe6 {
KN-KN} Ke7 42. Nc7 Nc6 43. Nd5+ Ke6 44. Kd3 f5 45. gxf5+ Kd6 46. Ne3 Na5 47.
e5+ Ke7 48. d5 {f6+ would kill now.} Nxb3 49. axb3 {White mates.} a2 50. Nc2 g4
51. Ke3 {Weighted Error Value: White=0.13 (very precise) / Black=0.61} 1-0

[Event "Klubbmesterskapet 2023 (A)"]
[Site "Ås, Viken NOR"]
[Date "2023.05.04"]
[Round "6"]
[White "Brenden, Torbjørn"]
[Black "Lea, Per"]
[Result "1-0"]
[WhiteElo "1624"]
[BlackElo "1685"]
[PlyCount "101"]
[EventDate "2023.02.02"]

1. d4 f5 2. Nf3 Nf6 3. Bf4 d6 4. h3 g6 5. e3 c6 6. c3 Bg7 7. Nbd2 O-O 8. Qb3+
d5 9. Ne5 Nh5 10. Bh2 f4 11. exf4 Nxf4 12. Bxf4 Rxf4 13. g3 Rf8 14. f4 e6 15.
Ndf3 Nd7 16. h4 Nxe5 17. dxe5 Qb6 18. Qxb6 axb6 19. Bd3 Bd7 20. h5 Be8 21. h6
Bh8 22. Ke2 c5 23. a3 Bc6 24. Rhg1 Rad8 25. Ng5 Bd7 26. c4 d4 27. b4 Rfe8 28.
b5 Re7 29. a4 Ra8 30. Be4 Bc8 31. Ra2 Ra5 32. Bd3 Kf8 33. Ne4 Ke8 34. Nd2 Rf7
35. Nb3 Ra7 36. Rga1 Kd8 37. a5 bxa5 38. Nxc5 g5 39. Rf1 gxf4 40. gxf4 b6 41.
Ne4 Rac7 42. Nd6 Rfd7 43. Rg1 Bg7 44. hxg7 Rxg7 45. Raa1 Bb7 46. Kf2 Ba8 47.
Bc2 Bb7 48. Rxg7 Rxg7 49. Rg1 Re7 50. Rg8+ Kc7 51. Rh8 1-0

[Event "Klubbmesterskapet 2023 (A)"]
[Site "Ås, Viken NOR"]
[Date "2023.05.30"]
[Round "6"]
[White "Samset, Jon"]
[Black "Johansen, Anders Sten"]
[Result "0-1"]
[WhiteElo "1400"]
[BlackElo "1738"]
[PlyCount "114"]
[EventDate "2023.02.02"]

1. e4 c5 2. Nf3 d6 3. d4 cxd4 4. Nxd4 Nf6 5. Nc3 a6 6. Bd3 e5 7. Nf5 Bxf5 8.
exf5 Be7 9. O-O O-O 10. Bg5 d5 11. Ne2 e4 12. Nf4 exd3 13. Qxd3 Nc6 14. Bxf6
Bxf6 15. Nxd5 Ne5 16. Qb3 b5 17. Rad1 Nc4 18. c3 Re8 19. Ne3 Qc8 20. Nd5 Qc6
21. Qc2 Rad8 22. Nb4 Qb7 23. Nd3 Qe4 24. b3 Nb6 25. Rfe1 Qxf5 26. h3 Rxe1+ 27.
Rxe1 g6 28. Rd1 Nd5 29. c4 Nf4 30. cxb5 axb5 31. Nb4 Qxc2 32. Rxd8+ Bxd8 33.
Nxc2 Nd3 34. Kf1 b4 35. f3 Be7 36. Ke2 Nc1+ 37. Kd2 Nxa2 38. Nd4 Kg7 39. Kd3
Bc5 40. Nc6 Kf6 41. Nd8 Be7 42. Nc6 Ke6 43. Nd4+ Kd5 44. f4 Nc1+ 45. Ke3 Bc5
46. Kd2 Bxd4 47. Kxc1 Be3+ 48. Kc2 Bxf4 49. Kd3 f5 50. g4 fxg4 51. hxg4 Bg5 52.
Kc2 Ke4 53. Kb2 Kf3 54. Kc2 Kxg4 55. Kd3 Kf3 56. Kc4 Be7 57. Kd5 h5 0-1

[Event "Klubbmesterskapet 2023 (A)"]
[Site "Ås, Viken NOR"]
[Date "2023.05.11"]
[Round "7"]
[White "Furnes, Torstein"]
[Black "Holm, Bjarne"]
[Result "0-1"]
[WhiteElo "1715"]
[BlackElo "1683"]
[Annotator "Furnes, Torstein"]
[PlyCount "56"]
[EventDate "2023.02.02"]

1. d4 c5 2. d5 Nf6 3. c4 e6 4. Nc3 d6 5. e4 Be7 6. Nf3 O-O 7. Bd3 Nbd7 8. O-O
Ne8 {Hittil i partiet har Stockfish-evalueringen vært på litt over +1 i hvit
fordel. Men de neste trekkene synker hvitfordelen og går gradvis over til
svart fordel.} 9. Re1 e5 10. Be3 g6 11. Nd2 Ng7 12. f4 $2 f5 13. exf5 Nxf5 14.
fxe5 $2 $19 ({Her var det nødvendig å spille} 14. Bxf5) 14... Nxe5 (14... Nxe3
15. Rxe3 Bg5 {er litt bedre ifølge Stockfish.}) 15. Bc2 $2 ({Stockfish vil
spille} 15. Bxf5 Bxf5 16. Bh6) 15... Nxe3 16. Rxe3 Bg5 17. Re1 $2 {Tapstrekket.
} ({Her måtte hvit spille} 17. Rxe5 dxe5 18. Qe1) 17... Bg4 18. Qc1 Nxc4 19.
Nce4 ({Her er faktisk førstevalget til Stockfish å gi dronningen for to lette
offiserer:} 19. Nxc4 Bxc1 20. Raxc1) 19... Be3+ 20. Kh1 Nxd2 21. Nxd2 Qg5 22.
Rxe3 Qxe3 23. Ne4 Qe2 24. Ng3 Qe5 25. Be4 Rf2 26. b3 Raf8 27. a4 R8f4 28. Bd3
Rd4 ({Her var førstevalget til Stockfish et avgjørende tårnoffer med mange
spennende taktiske varianter.} 28... Rxg2 $3 29. Kxg2 (29. Qxf4 Qxf4 30. Kxg2
Bf3+ 31. Kf1 Be4+ 32. Ke2 Qf3+ 33. Ke1 Qe3+ 34. Ne2 Bxd3 35. Ra2 Bf5) 29...
Bf3+ 30. Kf1 (30. Kh3 Qg5 31. Qxf4 Qxf4) 30... Be4+ 31. Qxf4 (31. Ke2 Bxd3+ 32.
Kxd3 Qd4+ 33. Ke2 Qf2+ 34. Kd3 Rf3+ 35. Ke4 Rxb3) 31... Qxf4+ 32. Ke2 Qf3+ 33.
Ke1 Qe3+ 34. Be2 Qc3+ 35. Kf2 Qd4+ 36. Ke1 Qxa1+) 0-1

[Event "Klubbmesterskapet 2023 (A)"]
[Site "Ås, Viken NOR"]
[Date "2023.05.11"]
[Round "7"]
[White "Lea, Per"]
[Black "Aamodt, Peder Marcus"]
[Result "0-1"]
[WhiteElo "1685"]
[BlackElo "2011"]
[Annotator "Aamodt, Peder Marcus"]
[PlyCount "88"]
[EventDate "2023.02.02"]

1. c4 {[%eval 23,0]} Nf6 {[%eval 29,0]} 2. g3 {[%eval 13,0]} e6 {[%eval 35,0]}
3. Bg2 {[%eval 15,0]} d5 {[%eval 33,0]} 4. Nf3 {[%eval 22,0]} dxc4 {[%eval 15,
0]} 5. Qa4+ {[%eval 21,0]} Nbd7 {[%eval 25,0]} 6. Qxc4 {[%eval 25,0]} a6 {
[%eval 43,0]} 7. Qc2 {[%eval 31,0]} Be7 $6 {[%eval 109,0] Inaccuracy. c5 was
best.} (7... c5 8. Nc3 Qc7 9. O-O b5 10. a4 b4 11. Nd1 Bb7 12. Ne3) 8. O-O {
[%eval 86,0]} O-O {[%eval 86,0]} 9. b3 $6 {[%eval 19,0] Inaccuracy. d4 was
best.} (9. d4 c5) 9... Rb8 {[%eval 27,0]} 10. Bb2 {[%eval 21,0]} c5 {[%eval 6,
0]} 11. d4 {[%eval 8,0]} b5 {[%eval 3,0]} 12. Nbd2 {[%eval 14,0]} Bb7 {[%eval
8,0]} 13. Rac1 {[%eval 9,0]} Qb6 {[%eval 7,0]} 14. e3 {[%eval 23,0]} Rbc8 {
[%eval 25,0]} 15. Qb1 {[%eval 21,0]} Rfd8 {[%eval 15,0]} 16. a4 {[%eval 51,0]}
cxd4 {[%eval 4,0]} 17. Bxd4 {[%eval 6,0]} Bc5 $2 {[%eval 101,0] Mistake. Qa5
was best.} (17... Qa5 18. axb5 axb5 19. Rxc8 Rxc8 20. Qd3 Bc6 21. Bxf6 Nxf6 22.
Rc1 Rd8 23. Qc3 Qxc3 24. Rxc3) 18. b4 $4 {[%eval 92,0] Blunder. Rxc5 was best.}
(18. Rxc5) 18... Bxd4 {[%eval 83,0]} 19. a5 {[%eval 81,0]} Qd6 {[%eval 8,0]}
20. Nxd4 {[%eval 78,0]} Bxg2 {[%eval 85,0]} 21. Kxg2 {[%eval 72,0]} Qd5+ $6 {
[%eval 14,0] Inaccuracy. Nd5 was best.} (21... Nd5 22. Ne4) 22. Kg1 {[%eval 23,
0]} Ne5 {[%eval 5,0]} 23. Rxc8 {[%eval 0,0]} Rxc8 {[%eval 16,0]} 24. Rc1 {
[%eval 0,0]} Nc4 {[%eval 0,0]} 25. Nxc4 {[%eval 0,0]} Rxc4 {[%eval 0,0]} 26.
Rxc4 {[%eval 0,0]} Qxc4 {[%eval 0,0]} 27. Qc2 {[%eval 0,0]} e5 {[%eval 36,0]}
28. Qxc4 {[%eval 36,0]} bxc4 {[%eval 27,0]} 29. Nc2 {[%eval 32,0]} Kf8 {[%eval
32,0]} 30. Kf1 {[%eval 16,0]} Ke7 {[%eval 1,0]} 31. Na3 {[%eval 0,0]} c3 {
[%eval 16,0]} 32. Ke2 {[%eval 13,0]} Kd6 {[%eval 25,0]} 33. Kd3 {[%eval 17,0]}
Kc6 {[%eval 39,0]} 34. Kxc3 {[%eval 11,0]} Ne4+ {[%eval 6,0]} 35. Kc4 {[%eval
5,0]} Nxf2 {[%eval 9,0]} 36. b5+ {[%eval 9,0]} axb5+ {[%eval 6,0]} 37. Nxb5 {
[%eval 1,0]} Ng4 {[%eval 3,0]} 38. a6 {[%eval 6,0]} Nxe3+ {[%eval 7,0]} 39. Kd3
{[%eval 1,0]} Nd5 {[%eval 0,0]} 40. Na7+ {[%eval 27,0]} Kb6 {[%eval 8,0]} 41.
Nc8+ {[%eval 6,0]} Kxa6 {[%eval 9,0]} 42. Ke4 {[%eval 24,0]} Nf6+ {[%eval 0,0]}
43. Kf5 $4 {[%eval -221,0] Blunder. Kxe5 was best.} (43. Kxe5 Ng4+ 44. Kf4 Nxh2
45. Nd6 h5 46. Nxf7 Nf1 47. g4 h4 48. Ng5 Nh2 49. Nh3 Nxg4) 43... e4 {[%eval
-227,0]} 44. Nd6 $6 {[%eval -471,0] Inaccuracy. Kf4 was best.} (44. Kf4 Kb5 45.
Nd6+ Kc5 46. Nxf7 Kd4 47. g4 Nd5+ 48. Kg3 Kd3 49. Ng5 e3 50. Nf3 Nb4) 44... e3
{[%eval -492,0]} 0-1

[Event "Klubbmesterskapet 2023 (A)"]
[Site "Ås, Viken NOR"]
[Date "2023.05.25"]
[Round "7"]
[White "Johansen, Anders Sten"]
[Black "Brenden, Torbjørn"]
[Result "0-1"]
[WhiteElo "1738"]
[BlackElo "1624"]
[PlyCount "106"]
[EventDate "2023.02.02"]

1. e4 d5 2. exd5 Qxd5 3. Nf3 Nf6 4. Nc3 Qd6 5. d4 c6 6. Be3 e6 7. Qd2 Be7 8.
Bf4 Qb4 9. O-O-O Nd5 10. Nxd5 Qxd2+ 11. Rxd2 cxd5 12. Bd3 Nc6 13. c3 Bd7 14.
Kb1 a6 15. Re1 b5 16. Ne5 Bf6 17. Nxd7 Kxd7 18. a4 b4 19. Ka2 h6 20. Rc1 Rhc8
21. Be2 g5 22. Be3 Na5 23. h4 b3+ 24. Kb1 Nc4 25. hxg5 Nxd2+ 26. Bxd2 hxg5 27.
f4 Rg8 28. Bh5 gxf4 29. Bf3 Rac8 30. Bxf4 Bg5 31. Bxg5 Rxg5 32. Rh1 Rgg8 33.
Bd1 Rb8 34. Bf3 Rh8 35. Rg1 Rh2 36. Kc1 Rbh8 37. Kd2 Rh1 38. Rxh1 Rxh1 39. Bd1
Rg1 40. Bxb3 Rxg2+ 41. Kc1 f5 42. Bc2 f4 43. b4 f3 44. Bd3 f2 45. Bxa6 Rg1+ 46.
Kb2 f1=Q 47. Bxf1 Rxf1 48. Kb3 Kc6 49. Kb2 Kb6 50. Kb3 Ra1 51. a5+ Kb5 52. Kb2
Re1 53. Kc2 Kc4 0-1

[Event "Klubbmesterskapet 2023 (A)"]
[Site "Ås, Viken NOR"]
[Date "2023.05.25"]
[Round "7"]
[White "Andersen, Odd"]
[Black "Kielland-Lund, Jon"]
[Result "1-0"]
[WhiteElo "1731"]
[BlackElo "1723"]
[PlyCount "87"]
[EventDate "2023.02.02"]

1. d4 d5 2. c4 c6 3. cxd5 cxd5 4. Bf4 Nc6 5. e3 Nf6 6. a3 Bf5 7. Bd3 Bxd3 8.
Qxd3 e6 9. Nd2 Be7 10. h3 O-O 11. Ne2 Rc8 12. Rc1 a6 13. O-O b5 14. b4 Qb6 15.
Rb1 Na7 16. Nb3 Ne8 17. f3 Nd6 18. Bxd6 Bxd6 19. Nc5 Bxc5 20. dxc5 Qc7 21. Nd4
Nc6 22. Nxc6 Qxc6 23. Rfd1 f5 24. Qd4 a5 25. Qe5 axb4 26. axb4 Ra8 27. Ra1 Ra6
28. Rxa6 Qxa6 29. Ra1 Qc6 30. Ra7 Rf7 31. Qb8+ Rf8 32. Qb7 Qxb7 33. Rxb7 f4 34.
Kf2 fxe3+ 35. Kxe3 e5 36. Rxb5 d4+ 37. Kd3 Rc8 38. Rb7 Kf8 39. f4 exf4 40. Kxd4
g5 41. Rxh7 Rd8+ 42. Ke5 Rd2 43. c6 Rc2 44. c7 1-0

[Event "Klubbmesterskapet 2023 (B)"]
[Site "Ås, Viken NOR"]
[Date "2023.05.11"]
[Round "7"]
[White "Skaret, Runar"]
[Black "Petersen, Rune J"]
[Result "1-0"]
[WhiteElo "1272"]
[BlackElo "1162"]
[Annotator "Skaret, Runar"]
[PlyCount "83"]
[EventDate "2023.02.02"]

1. c3 {analysert av runar & stockfish. saragossa åpning} d5 2. d4 Nf6 3. Bg5 {
dårlig hvitåpning iflg stockfish. hvitfordelen er nå borte. +0,0} e6 4. e3 Be7
5. Nf3 Nc6 {..h6 for å avklare løperen var anbefalt. +0,5} 6. Nbd2 O-O 7. c4 b6
8. a3 Ne4 9. Bxe7 Qxe7 10. Nxe4 {ikke så smart som jeg tenkte. -0,01. løperen
skulle ut iflg stockfish} dxe4 11. Nd2 f5 12. Rc1 Bb7 13. c5 Rad8 14. Qb3 {L
ut var veldig naturlig her, men jeg velger D istedet. -1,2} Na5 15. Qa2 {Dc3
var bedre. nå anbefaler stockfish at svart går på med bøndene sine nå som
dronninga er dytta unna, og hvit konge ikke er rokert, helst ..f4. -3,5} Bd5 {
bra trekk dette også som forsetter å dytte vekk den hvite dronninga. -3,4} 16.
Qb1 Nc6 {men dette taper et tempo, og stockfish synes jeg skal ta b6-bonden.
-0,2} 17. Bb5 {men jeg vil helst ha løperen min her før jeg spiller cxb6. det
gir svart mulighet til å spille ..f4 med trussel om ..fxe3 og jeg har ikke tid
til cxb6. -1,5} e5 {men nå får jeg spilt det likevel. +1,2} 18. cxb6 Qd6 {
stockfish ville heller beskytte hesten med et av tårnene, men jeg ser ikke
helt hvorfor. +4,0} 19. Bxc6 Bxc6 20. dxe5 {[%eval -32741,0] grusom tabbe. jeg
spiller for fort i ekstasen over å ha en god stilling.} Qxd2+ 21. Kf1 Bb5+ {f4
først var veien til matt, men dette er fortsatt vunnet. ..-8,3} 22. Kg1 cxb6 {
og igjen er ..f4 trekket stockfish ville ha for svart. men dette gjør
stillingen mer oversiktlig og stillingen er fortsatt vunnet. -5,4} 23. g3 {
ingen gode trekk for hvit. dette trekket setter alle hvite bønder på svarte
felt. -30,9} Qd5 {her tenkte jeg at svart burde spilt ..Le2 og så ..Lf3 men
igjen var det ett trekk stockfish ville ha fremfor alle andre, ..f4. -4,8} 24.
Kg2 Bd3 25. Qa1 g6 {"museglipp". dette skulle vært g5. -4,2} (25... g5 {-4,7})
26. Rc7 Rc8 27. Rxa7 Rc2 {det har vært et par runder nå som stockfish ikke har
vært like ivrig på ..f4 for svart. i dette tilfellet ønsket hen Le2 -3,6} 28.
b4 {Tc1 var ønsket for enten å få to tårn på 7-raden eller avbytte og så true
med dronning opp istedet.-25,9} Be2 {..f4 var ønsket. -5,5} 29. e6 {her øyner
jeg et håp. stockfish gir fortsatt -5,5 men på dette tidspunktet har jeg troen
på at trusselen om Dg7# gir remis-sjanser. kun ett trekk for svart nå.} Bf3+
30. Kh3 {igjen kun ett trekk. -6,3} Bg4+ 31. Kh4 g5+ {..Dd8 var også mulig med
videre ..De8 som truer ..Dh5#} 32. Kxg5 {og det eneste trekket som redder
svart her er.... avdekkersjakk med ..f4} h6+ {+6,4} 33. Kh4 Qd8+ 34. e7 Qe8 35.
exf8=Q+ Qxf8 36. Qe5 Qd8+ 37. Re7 Qf8 38. Re8 Qxe8 39. Qxe8+ Kg7 40. Qe7+ Kg8
41. Rd1 {oi, dette så vi ikke. svart kan ta tårnet med Lxd1 jo. selv med tapt
D er det nok fortsatt vunnet, men litt av en overseelse. +11,6} Rc8 42. Rd7 {
[%eval 32766,0]} 1-0

[Event "Klubbmesterskapet 2023 (A)"]
[Site "Ås, Viken NOR"]
[Date "2023.06.01"]
[Round "8"]
[White "Holm, Bjarne"]
[Black "Kielland-Lund, Jon"]
[Result "1/2-1/2"]
[WhiteElo "1683"]
[BlackElo "1723"]
[Annotator "Tactical Analysis 5.3 (5s)"]
[PlyCount "96"]
[EventDate "2023.02.02"]

1. e4  c6 {[%cal Bc7c6,Bc6c5] [%mdl 32]} 2. Nf3 d5 3. e5 c5 4.
d4 {[%emt 0:00:01]} Bg4 5. Be2 Nc6 6. c3 e6 7. O-O Qb6 8. dxc5 Bxc5 9. b4 Be7 {
[%eval 55,21]} (9... Bxf3 $11 {[%eval 22,22]} 10. Bxf3 Be7) 10. Be3 Qc7 11. Qa4
{[%eval -42,24]} (11. Nbd2 $11 {[%eval 22,21]}) 11... Bxf3 $15 
12. Bxf3 {[%cal Oc3c4]} Nh6 13. Bf4 {[%eval -94,24]} (13. Bxh6 $11 {[%eval -29,
23]} gxh6 14. c4) 13... g5 $17  14. Bg3 {[%cal Oc3c4]} Nf5 {
[%eval -48,22]} (14... O-O $17 {[%eval -95,22]} 15. c4 dxc4 16. Bxc6 bxc6) 15.
Bh5 {[%eval -117,20]} (15. c4 $1 $15 {[%eval -48,22]} Nxg3 16. hxg3) 15... Rg8
{[%eval -41,22]} ({Black should play} 15... O-O $17 {[%eval -117,20]} 16. Qb3
Nxg3 { a5 Nxf1 Kxf1 Qxe5}) 16. Nd2 Kf8 17. Rae1 a6 {[%eval -27,
21]} (17... Rg7 $17 {[%eval -71,22]}) 18. Qd1 b5 {[%eval 1,23]} (18... Rg7 $15
{[%eval -35,21]}) 19. f4 {[%eval -53,23]} (19. Qf3 $11 {[%eval 1,23]}) 19...
Nxg3 $15 ({But not} 19... gxf4 20. Bxf4 Bh4 21. g3 $11) 20. hxg3 gxf4 21. Rxf4
{[%eval -56,25]} (21. gxf4 $11 {[%eval 1,24]} a5 22. a3) 21... Rg7 {[%eval -13,
24]} (21... Nxe5 $2 22. Rxe5 $1 {[%mdl 512]} Rg7 23. Rxe6 $18) (21... Nd8 $15 {
[%eval -56,25]}) 22. Nf3 $1 $11 a5 23. Rf1 Nd8 (23... axb4 24. Bxf7 $1 (24. Nd4
Bc5 $18) 24... Qb6+ 25. Nd4 bxc3  26. Bxe6+ Ke8 27. Qf3 $1 $16
(27. Bxd5 Nxd4 28. Qh5+ Rg6 $17)) 24. bxa5 {[%eval -51,24] Active counter play!
} (24. Nd4 $11 {[%eval 1,24]} Qxe5 25. Bxf7 Rxf7 26. Rxf7+ Nxf7 27. Qf3) 24...
Rxa5 {[%eval -7,25]} (24... Qxc3 $15 {[%eval -51,24] should be considered.} 25.
Kh2 Rxa5) 25. Qd2 {[%eval -103,22]} (25. Nd4 $11 {[%eval -7,25]} Bc5 26. Kh2
Bxd4 27. cxd4 (27. Qxd4 Ra4 $15)) 25... Ra3 $1 $17 (25... Rxg3 $2 26. Bxf7 $1 {
[%mdl 512]} Nxf7 27. Nd4 $16) 26. Rc1 Rxg3 27. Bxf7 Nxf7 {[%eval -85,24]} ({
Better is} 27... Bc5+ {[%eval -135,28]} 28. Kh2 Rxf3 29. Bxe6+ Rxf4 30. Qxf4+
Ke8 31. Bxd5 Qg7) 28. Rxf7+ Kxf7 29. Qf4+ Ke8 30. Qxg3 Rxc3 {[%eval -1,30]} (
30... Bc5+ $15 {[%eval -54,25]} 31. Kh2 Qf7) 31. Rxc3 $11 Qxc3 $17 {[%mdl 4096]
Endgame KQB-KQN} 32. Qg8+ Kd7 {aiming for ...Qa1+.} 33. Qxh7 {[#]} Qa1+ $1 34.
Kh2 Qxa2 {White must now prevent ...b4.} 35. Qd3 $2 {[%eval -468,28] [%mdl
8192]} (35. Nh4 $17 {[%eval -141,27] is more resistant.} Qa8 36. Ng6) 35... Qc4
$19 36. Qd1  Qa4 {[%eval -210,28] Prevents Qa1.} (36... Bc5
$142 {[%eval -393,28]} 37. Kh3 Qe4) 37. Qd3 {[%eval -352,27]} (37. Qb1 $142 {
[%eval -210,28]}) 37... Qc4 $2 {[%eval 1,23]} ({Black should try} 37... Qb4 $19
{[%eval -352,27] Hoping for ...Xf4.} 38. Qd4 Qxd4 39. Nxd4 Bc5) 38. Qd1 $11
Qf4+ 39. g3 Qa4 40. Qd3 {[%eval -385,26]} (40. Qb1 $142 {[%eval -270,25]})
40... Qc4 $19 41. Qd1 Bc5 42. Kh3 d4 $2 {[%eval -140,24]} (42... Qe4 $19 {
[%eval -439,25]} 43. Qc1 Kc6) 43. Nd2 $2 {[%eval -620,25] [%mdl 8192]} (43. g4
$17 {[%eval -140,24]}) 43... Qd3 44. Qc1 Qc3 {[%eval -276,27]} (44... Bb4 $142
{[%eval -566,24]} 45. Nf1 Qf5+ 46. g4 Qxe5) 45. Qf1 Qxd2 $2 {[%eval -1,33]} (
45... Kc6 $19 {[%eval -236,26]} 46. Ne4 Qe3 47. Nxc5 Qh6+ 48. Kg2 Kxc5) 46.
Qxb5+ $11 {The position is equal.} Kd8 47. Qxc5 {Strongly threatening Qd6+.} ()
{Kg2 } 47... Qh6+ 48. Kg2 Qd2+ {Weighted Error Value: White=0.52/
Black=0.61} 1/2-1/2

[Event "Klubbmesterskapet 2023 (A)"]
[Site "Ås, Viken NOR"]
[Date "2023.06.01"]
[Round "8"]
[White "Samset, Jon"]
[Black "Andersen, Odd"]
[Result "0-1"]
[WhiteElo "1400"]
[BlackElo "1731"]
[PlyCount "107"]
[EventDate "2023.02.02"]

1. e4 c6 2. Nc3 d5 3. Nf3 dxe4 4. Nxe4 Nf6 5. Nxf6+ exf6 6. Bc4 Bd6 7. Qe2+ Be7
8. O-O O-O 9. d4 Bg4 10. Be3 Nd7 11. c3 Bd6 12. h3 Bh5 13. Qd1 Rc8 14. Be2 Bb8
15. Nh4 Bxe2 16. Qxe2 g6 17. Qg4 Kh8 18. Qd1 Re8 19. Nf3 Nb6 20. Re1 g5 21. Nh2
Qd6 22. g3 Re7 23. Qh5 Rce8 24. Qf3 Nc4 25. Re2 Nxe3 26. Rxe3 Rxe3 27. fxe3
Qxg3+ 28. Qxg3 Bxg3 29. Nf1 Bc7 30. Kg2 f5 31. Kf3 Kg7 32. b3 h5 33. Nd2 g4+
34. hxg4 fxg4+ 35. Ke2 f5 36. Rh1 Kg6 37. a4 Kg5 38. c4 h4 39. b4 f4 40. e4 f3+
41. Nxf3+ gxf3+ 42. Kxf3 Rf8+ 43. Ke3 Bf4+ 44. Kd3 Bg3 45. e5 Rf3+ 46. Ke4 Rc3
47. c5 Bf2 48. Re1 Bxe1 49. d5 Rc4+ 50. Kd3 cxd5 51. c6 Rxc6 52. Kd4 Rc4+ 53.
Kxd5 Rxb4 54. e6 0-1

[Event "Klubbmesterskapet 2023 (A)"]
[Site "Ås, Viken NOR"]
[Date "2023.06.01"]
[Round "8"]
[White "Brenden, Torbjørn"]
[Black "Hrituleac, Paul"]
[Result "1-0"]
[WhiteElo "1624"]
[BlackElo "1299"]
[Annotator "Brenden, Torbjørn"]
[PlyCount "63"]
[EventDate "2023.02.02"]

{Første gang Paul og Torbjørn møtes i langsjakk.} 1. d4 Nf6 2. Bf4 d5 3. Nf3 c5
4. e3 {Valgte å spille en solid London åpning} Bg4 5. Be2 Nc6 6. c3 e6 7. Nbd2
Qb6 8. O-O {Tilbyr en "giftig" bonde på b2} Be7 (8... Qxb2 9. Qa4 c4 10. Rab1
Qa3 11. Qb5 Qe7 12. Qxb7 {[%eval 82,0] Chessbase:}) 9. b3 {Solid, men kjedelig}
O-O 10. h3 Bf5 11. Ne5 Rad8 12. g4 {Hvit prøver et angrep, men chessbase mener
stillingen er jevn.} Be4 13. f3 $2 {Gir svart fordel.} Bg6 14. h4 {Hvit
kompliserer stillingen, men svart har -0.98 i fordel.} h6 ({Svart burde ha
spilt ...} 14... cxd4 15. cxd4 (15. h5 Nxe5 16. cxd4 Nd3 17. hxg6 Nxf4 18.
gxh7+ Nxh7 $17) 15... Nxd4 16. exd4 Qxd4+ 17. Kg2 Qxf4) 15. Nxg6 fxg6 16. Qc2
g5 ({Kombinasjonen er fortsatt mulig} 16... cxd4 17. cxd4 Nxd4 18. exd4 (18.
Qd3 Nd7 19. Qxd4 Bc5 20. Qb2 Rxf4) 18... Qxd4+) 17. hxg5 hxg5 {Hvit tenkte i
15 min her. Trusselen til svart er Sxg4} 18. Bxg5 Nh7 (18... Nxg4 19. Bxe7 Nxe3
20. Bxd8 Nxc2 21. Bxb6 Nxa1 22. Bxc5 {..som gir +6 i fordel hvit}) 19. Bxe7
Nxe7 20. Kg2 Nf6 21. Rh1 Kf7 22. g5 Nfg8 23. Bd3 Ke8 24. Rh7 Nf5 25. Bxf5 Rxf5
26. f4 Qc7 27. Nf3 Qf7 28. Nh4 Rd7 29. Nxf5 exf5 30. Qe2 {..hindrer Dg6.} Qe6 (
30... Qg6 31. Qh5) 31. Kf2 Re7 32. dxc5 {Oppgitt} 1-0

[Event "Klubbmesterskapet 2023 (A)"]
[Site "Ås, Viken NOR"]
[Date "2023.06.01"]
[Round "8"]
[White "Aamodt, Peder Marcus"]
[Black "Johansen, Anders Sten"]
[Result "1-0"]
[WhiteElo "2011"]
[BlackElo "1738"]
[PlyCount "117"]
[EventDate "2023.02.02"]

1. e4 c5 2. Nf3 d6 3. Bb5+ Nd7 4. a4 Ngf6 5. Nc3 a6 6. Be2 g6 7. O-O Bg7 8. d4
cxd4 9. Qxd4 O-O 10. Be3 Qc7 11. Qd2 b6 12. Bd3 Bb7 13. Bd4 e5 14. Be3 Nc5 15.
Bxc5 dxc5 16. Qe2 Rfd8 17. Rfd1 a5 18. Bc4 h6 19. Nd2 Bc6 20. Nf1 Qb7 21. f3
Rd4 22. Nb5 Bxb5 23. Bxb5 Rad8 24. c3 Rxd1 25. Rxd1 Rxd1 26. Qxd1 Qc7 27. Ne3
Bf8 28. Bc4 Kg7 29. Qb3 Bd6 30. Bd5 c4 31. Qxc4 Nxd5 32. Qxd5 Bc5 33. Kf2 f5
34. Ke2 Bxe3 35. Kxe3 Kf6 36. g3 h5 37. h4 fxe4 38. Kxe4 Qb8 39. g4 hxg4 40.
fxg4 Qc8 41. g5+ Kg7 42. Qxe5+ Kh7 43. Qe7+ Kh8 44. Qf6+ Kh7 45. Qf7+ Kh8 46.
Qxg6 Qc4+ 47. Ke3 Qc5+ 48. Kf3 Qd5+ 49. Qe4 Qd1+ 50. Kf4 Qd2+ 51. Kg3 Qd6+ 52.
Kg4 Qd1+ 53. Kf5 Qd7+ 54. Qe6 Qd3+ 55. Ke5 Qg3+ 56. Kd5 Qf3+ 57. Kd6 Qd3+ 58.
Ke7 Qh7+ 59. Kf8 1-0